Thường Rang, Bộ Mẹng

Giới thiệu một số bài dân ca thường sử dụng của người Mường ở tỉnh Hòa Bình.

সংরক্ষণ করুন:
গ্রন্থ-পঞ্জীর বিবরন
বিন্যাস: গ্রন্থ
ভাষা:Undetermined
প্রকাশিত: Hà Nội Hội nhà văn 2018
বিষয়গুলি:
ট্যাগগুলো: ট্যাগ যুক্ত করুন
কোনো ট্যাগ নেই, প্রথমজন হিসাবে ট্যাগ করুন!
Thư viện lưu trữ: Trung tâm Học liệu Trường Đại học Cần Thơ
LEADER 00694nam a2200181Ia 4500
001 CTU_228870
008 210402s9999 xx 000 0 und d
082 |a 398.809597 
082 |b Th561 
245 0 |a Thường Rang, Bộ Mẹng 
245 0 |c Bùi Thiện, Mai Văn Trí (Sưu tầm, biên dịch, chỉnh lý) 
260 |a Hà Nội 
260 |b Hội nhà văn 
260 |c 2018 
520 |a Giới thiệu một số bài dân ca thường sử dụng của người Mường ở tỉnh Hòa Bình. 
650 |a Dân ca Việt Nam,Folk-song, Vietnamese 
910 |b nthai 
980 |a Trung tâm Học liệu Trường Đại học Cần Thơ